00885cam a2200229 a 4500999001700000001000800017005001700025008004100042010001700083020001500100040001800115050002300133100002200156245004500178260004800223300004700271504006400318600006600382906004500448942003500493952012700528 c23900d23900301555220170127114341.0940726s1995 ctua b 001 0 eng  a 94030637  a0300060106 aDLCcDLCdDLC00aND673.R9bA79 19951 aAlpers, Svetlana.14aThe making of Rubens /cSvetlana Alpers. aNew Haven :bYale University Press,cc1995. aviii, 178 p. :bill. (some col.) ;c22 cm. aIncludes bibliographical references (p. 158-174) and index.10aRubens, Peter Paul,d1577-1640xCriticism and interpretation. a7bcbccorignewd1eocipf19gy-gencatlg 2lcccBOOKShND 673 .R9A79 1995 00102lcc4070aMUCbMUCcTECHd2017-01-27eDonation (B.F.A)l0oND 673 .R9A79 1995p32127r2018-10-22w2017-01-27yBOOKS